[Event "PokerStars IoM Masters 2014"]
[Site "Douglas ENG"]
[Date "2014.10.04"]
[Round "1.26"]
[White "Fabri, Henrik"]
[Black "Arkell, Keith C"]
[Result "0-1"]
[BlackTitle "GM"]
[WhiteElo "1948"]
[BlackElo "2450"]
[WhiteFideId "403270"]
[BlackFideId "400270"]
[EventDate "2014.10.04"]

1. e4 c6 2. d4 d5 3. exd5 cxd5 4. Bd3 Nc6 5. c3 g6 6. Nf3 Bf5 7. Bxf5 gxf5 8.
Bg5 Qd7 9. Nbd2 Qe6+ 10. Qe2 Qxe2+ 11. Kxe2 e6 12. Rhe1 Be7 13. Bf4 Nf6 14. Be5
Rg8 15. Bxf6 Bxf6 16. Kf1 b5 17. Nb3 Ke7 18. Rac1 a5 19. a3 Rgc8 20. Nc5 b4 21.
a4 bxc3 22. bxc3 Rab8 23. Rb1 Nd8 24. Rb5 Rxb5 25. axb5 Rb8 26. Rb1 Nb7 27. Nxb7
Rxb7 28. Ke2 a4 29. Kd3 a3 30. Ra1 Rxb5 31. Rxa3 Rb2 32. Ra7+ Kf8 33. Ke3 Rc2
34. Rc7 Kg7 35. Rc8 Be7 36. Ne1 Ra2 37. Nd3 Bg5+ 38. f4 Bf6 39. Kf3 h5 40. Ne5
h4 41. h3 Ra7 42. Nc6 Ra3 43. Ne5 Bxe5 44. fxe5 Ra2 45. g4 hxg3 46. Kxg3 Rd2 47.
Rc7 Rd3+ 48. Kg2 f4 49. h4 Rg3+ 50. Kf2 Rh3 51. h5 Rxh5 52. Kf3 Rh4 53. Rc6 Kg6
54. Rc7 f6 55. Rc6 Kf5 56. exf6 Rh3+ 57. Kf2 Kxf6 58. c4 Kf5 59. cxd5 exd5 60.
Ke2 Ke4 61. Re6+ Kxd4 62. Re7 Re3+ 0-1

[Event "PokerStars IoM Masters 2014"]
[Site "Douglas ENG"]
[Date "2014.10.04"]
[Round "1.27"]
[White "Skripchenko, Almira"]
[Black "Llewellyn, Alan M"]
[Result "1-0"]
[WhiteTitle "IM"]
[WhiteElo "2429"]
[BlackElo "1555"]
[WhiteFideId "13900145"]
[BlackFideId "422479"]
[EventDate "2014.10.04"]

1. e4 Nf6 2. e5 Nd5 3. d4 d6 4. Nf3 g6 5. Bc4 c6 6. O-O Bg7 7. exd6 Qxd6 8. Nbd2
Bf5 9. Bb3 O-O 10. Re1 b5 11. a4 a5 12. h3 Nf4 13. Ne4 Bxe4 14. Rxe4 Nd5 15. Qe2
Kh8 16. axb5 f5 17. Re6 Nf4 18. Bxf4 Qxf4 19. bxc6 Rf6 20. g3 Qc7 21. d5 Rxe6
22. Qxe6 Na6 23. Ng5 Bxb2 24. Qf7 e6 25. Rxa5 Qxf7 26. Nxf7+ Kg7 27. Rxa6 Rxa6
28. c7 Ra8 29. d6 1-0

[Event "PokerStars IoM Masters 2014"]
[Site "Douglas ENG"]
[Date "2014.10.04"]
[Round "1.28"]
[White "Bakalchuk, Johnatan"]
[Black "Boruchovsky, Avital"]
[Result "1-0"]
[WhiteTitle "FM"]
[BlackTitle "GM"]
[WhiteElo "2317"]
[BlackElo "2501"]
[WhiteFideId "2810301"]
[BlackFideId "2800055"]
[EventDate "2014.10.04"]

1. e4 e5 2. Nf3 Nc6 3. Bb5 a6 4. Bxc6 dxc6 5. O-O Bg4 6. h3 h5 7. d3 Qf6 8. Nbd2
Ne7 9. Nc4 Bxf3 10. Qxf3 Qxf3 11. gxf3 Ng6 12. a4 O-O-O 13. Be3 f6 14. Rfb1 c5
15. a5 Nh4 16. Nd2 g5 17. Kf1 Kd7 18. Ra4 Be7 19. Rba1 Ra8 20. c3 Rhd8 21. Ke2
Ng2 22. Nb3 Kc6 23. d4 cxd4 24. Rc4+ Kb5 25. Rxc7 dxe3 26. c4+ Kb4 27. Rxb7+ 1-0

[Event "PokerStars IoM Masters 2014"]
[Site "Douglas ENG"]
[Date "2014.10.04"]
[Round "1.29"]
[White "Popilski, Gil"]
[Black "Shvayger, Yuliya"]
[Result "1-0"]
[WhiteTitle "GM"]
[BlackTitle "WIM"]
[WhiteElo "2493"]
[BlackElo "2306"]
[WhiteFideId "2809060"]
[BlackFideId "14100126"]
[EventDate "2014.10.04"]

1. e4 c5 2. Nf3 Nc6 3. d4 cxd4 4. Nxd4 Qb6 5. Nb3 Nf6 6. Bd3 e6 7. f4 a5 8. a4
e5 9. Qf3 Bb4+ 10. c3 Be7 11. Bc4 O-O 12. Be3 Qc7 13. N1d2 exf4 14. Qxf4 Bd6 15.
Qh4 Ne5 16. Be2 Ng6 17. Qf2 Bxh2 18. O-O-O Bg3 19. Bb6 Qf4 20. Qxf4 Bxf4 21. Kc2
d5 22. Bc5 Rd8 23. Bb6 Rf8 24. Bc5 Re8 25. Bb5 Bd7 26. Bxd7 Nxd7 27. exd5 Re2
28. Bd4 Rxg2 29. Kb1 Nge5 30. Rhf1 g5 31. Ne4 h5 32. d6 Nc4 33. Nbc5 Nde5 34.
Nf6+ Kf8 35. Nxh5 Rd8 36. Nxf4 gxf4 37. Bxe5 Nxe5 38. Rxf4 Kg7 39. Re4 Nd7 40.
Nb3 b6 41. Re7 Rg6 42. Nd4 Nc5 43. Nf5+ Kf8 44. Rh1 Rd7 45. Re8+ 1-0

[Event "PokerStars IoM Masters 2014"]
[Site "Douglas ENG"]
[Date "2014.10.04"]
[Round "1.30"]
[White "Veinberg, Nimrod"]
[Black "Raznikov, Danny"]
[Result "0-1"]
[BlackTitle "IM"]
[WhiteElo "2289"]
[BlackElo "2492"]
[WhiteFideId "2810280"]
[BlackFideId "2811154"]
[EventDate "2014.10.04"]

1. d4 d5 2. c4 c6 3. Nf3 Nf6 4. e3 Bf5 5. Nc3 e6 6. Nh4 Be4 7. f3 Bg6 8. Qb3 Qc7
9. Bd2 Be7 10. cxd5 cxd5 11. Nb5 Qd7 12. Nxg6 hxg6 13. Bb4 Nc6 14. Bxe7 Qxe7 15.
Qa3 Qxa3 16. Nxa3 a6 17. Rc1 g5 18. Be2 Kd7 19. Kf2 g4 20. Nb1 gxf3 21. gxf3 Rh6
22. Rcg1 g6 23. Nd2 Rah8 24. Kg2 Ne7 25. Rc1 Nf5 26. Rc3 Ne8 27. Nb3 Ned6 28.
Nc5+ Ke7 29. h3 a5 30. Bf1 b6 31. Nb3 Nc4 32. Bxc4 dxc4 33. Na1 b5 34. Nc2 e5
35. a4 b4 36. Rxc4 b3 37. e4 Nh4+ 38. Kg3 bxc2 39. dxe5 g5 40. Rxc2 Ng6 41. Rc7+
Ke6 42. Rc6+ Kxe5 43. Rc5+ Kf6 44. Rf5+ Kg7 45. Rxg5 Rh5 46. Rxh5 Rxh5 47. b4
Rg5+ 48. Kf2 axb4 49. Rb1 Ne5 50. h4 Rg6 51. f4 Nc6 52. a5 Rg4 53. Kf3 Rxh4 54.
Kg3 Rh8 55. Rc1 Nxa5 56. Rc5 Ra8 57. Rb5 Nc6 58. Rb6 Ra3+ 0-1

[Event "PokerStars IoM Masters 2014"]
[Site "Douglas ENG"]
[Date "2014.10.04"]
[Round "1.31"]
[White "Steinberg, Nitzan"]
[Black "Klein, Felix"]
[Result "1-0"]
[WhiteTitle "IM"]
[BlackTitle "FM"]
[WhiteElo "2435"]
[BlackElo "2286"]
[WhiteFideId "2801795"]
[BlackFideId "24600458"]
[EventDate "2014.10.04"]

1. e4 e5 2. Nf3 Nc6 3. Bb5 Nf6 4. d3 Bc5 5. O-O Nd4 6. Nxd4 Bxd4 7. Nd2 c6 8.
Bc4 d6 9. h3 O-O 10. Bb3 Be6 11. c3 Bxb3 12. Qxb3 Bb6 13. Nc4 Rb8 14. Bg5 Bc7
15. Ne3 h6 16. Bh4 Kh7 17. Kh1 Qe7 18. f4 exf4 19. Rxf4 g5 20. Rf3 d5 21. Raf1
Nh5 22. Be1 Bf4 23. exd5 Bxe3 24. d6 Qxd6 25. Rxe3 f5 26. d4 Qd7 27. Qc2 Ng7 28.
Bg3 Rbe8 29. Be5 Kg8 30. h4 f4 31. Ref3 Nf5 32. hxg5 hxg5 33. Kg1 Rf7 34. Rh3
Nh4 35. Rxh4 Rxe5 36. Rhxf4 gxf4 37. dxe5 Qd5 38. Qg6+ Rg7 39. Qe8+ Kh7 40. Qh5+
Kg8 41. Rf2 Qe4 42. Qe8+ Kh7 43. Kh2 Rg6 44. Qf7+ Kh8 45. Qf8+ Kh7 46. Qe7+ Kg8
47. Qd8+ Kh7 48. Qd7+ Kg8 49. Qd4 Rh6+ 50. Kg1 Qb1+ 51. Rf1 Qxb2 52. Rxf4 Qb1+
53. Rf1 Qb6 54. g3 Re6 55. Qxb6 axb6 56. Rf5 b5 57. Kf2 c5 58. Ke3 Ra6 59. Rf2
Ra3 60. Ke4 Rxc3 61. e6 Rc1 62. Kd5 Re1 63. Kd6 1-0

[Event "PokerStars IoM Masters 2014"]
[Site "Douglas ENG"]
[Date "2014.10.04"]
[Round "1.32"]
[White "Merry, Alan B"]
[Black "Givon, Asaf"]
[Result "1/2-1/2"]
[WhiteTitle "FM"]
[BlackTitle "IM"]
[WhiteElo "2269"]
[BlackElo "2431"]
[WhiteFideId "418811"]
[BlackFideId "2801841"]
[EventDate "2014.10.04"]

1. d4 d5 2. c4 e6 3. Nc3 a6 4. cxd5 exd5 5. Bf4 Nf6 6. e3 Bd6 7. Bxd6 Qxd6 8.
Bd3 O-O 9. Nf3 b6 10. Ne5 c5 11. O-O Nbd7 12. f4 Bb7 13. Rf3 Ne4 14. Rh3 Ndf6
15. g4 cxd4 16. exd4 Nxc3 17. bxc3 Ne4 18. Qb3 Rac8 19. Rb1 b5 20. a4 Rxc3 21.
Qxc3 Nxc3 22. Bxh7+ Kh8 23. Bg6+ Kg8 24. Bh7+ Kh8 25. Bg6+ Kg8 26. Bh7+ 1/2-1/2

[Event "PokerStars IoM Masters 2014"]
[Site "Douglas ENG"]
[Date "2014.10.04"]
[Round "1.33"]
[White "Nakar, Eylon"]
[Black "Mindlin, Alon"]
[Result "1-0"]
[WhiteTitle "IM"]
[WhiteElo "2424"]
[BlackElo "2259"]
[WhiteFideId "2811111"]
[BlackFideId "2800071"]
[EventDate "2014.10.04"]

1. e4 e5 2. Nf3 Nc6 3. Bb5 a6 4. Ba4 Nf6 5. O-O Be7 6. Re1 b5 7. Bb3 d6 8. c3
O-O 9. h3 Nb8 10. d3 Bb7 11. Nbd2 c5 12. Nf1 Nbd7 13. Ng3 Qc7 14. Qe2 Rae8 15.
a4 Bd8 16. axb5 axb5 17. c4 bxc4 18. dxc4 Nb8 19. Rd1 h6 20. Ba4 Re6 21. Nd2 Nc6
22. Bxc6 Qxc6 23. f3 Nh7 24. Nb1 Bg5 25. Bxg5 Nxg5 26. Nf5 Qc7 27. Kh2 Rg6 28.
Qd2 Rd8 29. Nc3 Bc6 30. Ra6 Kh7 31. Rda1 Rd7 32. Nd5 Bxd5 33. cxd5 f6 34. Ra8
Nf7 35. R1a6 Qb7 36. Qe2 Qb3 37. R8a7 Rxa7 38. Rxa7 Nd8 39. Nxd6 Qb8 40. Rd7 h5
41. Nf5 c4 42. Qd2 1-0

[Event "PokerStars IoM Masters 2014"]
[Site "Douglas ENG"]
[Date "2014.10.04"]
[Round "1.34"]
[White "Bartell, Thomas"]
[Black "Reshef, Omer"]
[Result "0-1"]
[WhiteTitle "IM"]
[BlackTitle "FM"]
[WhiteElo "2358"]
[BlackElo "2397"]
[WhiteFideId "2017849"]
[BlackFideId "2804336"]
[EventDate "2014.10.04"]

1. d4 d5 2. c4 c6 3. Nf3 Nf6 4. e3 Bf5 5. Nc3 e6 6. Nh4 Be4 7. f3 Bg6 8. Qb3 Qc7
9. Bd2 Nbd7 10. Rc1 Be7 11. g3 Rc8 12. cxd5 exd5 13. Bh3 O-O 14. O-O Qb6 15.
Nxg6 hxg6 16. Qxb6 axb6 17. e4 dxe4 18. fxe4 Rcd8 19. e5 Ne8 20. Ne4 Nc7 21. a3
Rfe8 22. Bb4 Bxb4 23. axb4 Nb5 24. Ng5 Nxd4 25. Nxf7 Ne2+ 26. Kh1 Nxc1 27. Nxd8
Nxe5 28. Nxb7 Ncd3 29. Nd6 Rd8 30. Be6+ Kh7 31. Ne4 Kh6 32. h4 Nxb2 33. Ng5 Rd1
34. Kg2 Rxf1 35. Kxf1 Nbd3 36. b5 cxb5 37. Ke2 Nc5 38. Ke3 Kh5 39. Kd4 Nf3+ 40.
Nxf3 Nxe6+ 41. Kc3 Nc5 42. Kb4 Ne4 43. Kxb5 Nxg3 44. Kxb6 Nf5 45. Kc5 Nxh4 46.
Ne5 Kg5 47. Kd4 Kf4 48. Nd3+ Kf3 49. Ne5+ Kf4 50. Nd3+ Kg3 51. Nc5 g5 52. Ne6 g6
53. Ke4 g4 54. Ke3 Kh2 55. Kf4 g3 56. Nd4 g2 57. Ne2 Nf5 0-1

[Event "PokerStars IoM Masters 2014"]
[Site "Douglas ENG"]
[Date "2014.10.04"]
[Round "1.35"]
[White "Kobo, Ori"]
[Black "Klein, Gernot"]
[Result "1-0"]
[WhiteTitle "FM"]
[WhiteElo "2380"]
[BlackElo "2000"]
[WhiteFideId "2812320"]
[BlackFideId "4695496"]
[EventDate "2014.10.04"]

1. e4 c5 2. c3 d5 3. exd5 Qxd5 4. d4 Nc6 5. Nf3 Nf6 6. Be2 e6 7. O-O Be7 8. c4
Qd8 9. dxc5 Qxd1 10. Rxd1 Bxc5 11. Nc3 O-O 12. a3 e5 13. b4 Bd4 14. Bb2 Re8 15.
Ra2 a6 16. Nd5 Nxd5 17. cxd5 Bxb2 18. dxc6 Bd4 19. Nxd4 exd4 20. cxb7 Bxb7 21.
Rxd4 Rac8 22. f3 Kf8 23. Rd6 Re6 24. Rxe6 fxe6 25. a4 Rc1+ 26. Kf2 Bd5 27. Rb2
Bc4 28. Bxc4 Rxc4 29. b5 axb5 30. axb5 Rc8 31. b6 Ke7 32. b7 Rb8 33. Ke3 Kd6 34.
Kd4 e5+ 35. Ke4 Kc7 36. g4 Kd6 37. h4 Kc7 38. g5 Kd6 39. h5 Kc7 40. h6 gxh6 41.
gxh6 Kd6 42. Rb3 Kc7 43. Kxe5 Re8+ 44. Kf6 Kb8 45. Kg7 Re7+ 46. Kg8 Rd7 47. f4
Rd4 48. f5 Rf4 49. Kxh7 Rxf5 50. Rb6 Rg5 51. Rg6 Rd5 52. Kh8 Rd1 53. h7 Kxb7 54.
Kg7 Rd7+ 55. Kh6 Rd1 56. h8=Q 1-0

[Event "PokerStars IoM Masters 2014"]
[Site "Douglas ENG"]
[Date "2014.10.04"]
[Round "1.36"]
[White "Gutkind, Kedem"]
[Black "Haimovich, Tal"]
[Result "0-1"]
[BlackTitle "IM"]
[WhiteElo "1993"]
[BlackElo "2365"]
[WhiteFideId "1046519"]
[BlackFideId "2801698"]
[EventDate "2014.10.04"]

1. e4 e6 2. d4 d5 3. Nc3 Bb4 4. e5 c5 5. a3 Bxc3+ 6. bxc3 Nc6 7. Qg4 g6 8. Nf3
Qa5 9. Bd2 Qa4 10. Qf4 h6 11. Be2 Qxc2 12. dxc5 Qe4 13. Qxe4 dxe4 14. Nd4 Nge7
15. Nb5 Kf8 16. Rb1 Kg7 17. O-O Rd8 18. Rfd1 Rb8 19. c4 g5 20. Bc3 Rxd1+ 21.
Bxd1 Ng6 22. Nd6 Ngxe5 23. Ba4 Kf8 24. Nxe4 Bd7 25. Nf6 Ke7 26. Bxc6 Nxc6 27.
Rd1 Rd8 28. Ng4 e5 29. Nxe5 Nxe5 30. Bxe5 Rc8 31. Bd4 Be6 32. Be3 Bxc4 33. h4 f6
34. Rd6 Be6 35. hxg5 hxg5 36. Rd2 Rh8 37. Rb2 Bd5 38. Rd2 Ke6 39. Bd4 Rf8 40.
Re2+ Kf5 41. f3 Rc8 42. Rd2 Rc6 43. Be3 Be6 44. Rb2 Bc8 45. Kf2 Ke5 46. Ke2 Kd5
47. Kd2 Ra6 48. Rb3 Be6 49. Rc3 Bf5 50. g4 Bg6 51. Rb3 Kc6 52. Bd4 Bf7 53. Rc3
Kd5 54. Be3 Ke5 55. Kd3 Bd5 56. Bd4+ Kf4 57. Ke2 Kg3 58. Re3 Rc6 59. Ba1 b6 60.
cxb6 axb6 61. Bd4 Rd6 62. Bc3 Bc4+ 63. Ke1 Rc6 64. Bd4 b5 65. Bc3 Kg2 66. Ba1
Bd5 67. Ke2 Kg3 68. Bc3 Ra6 69. Bb4 Kg2 70. Bd2 Bc4+ 71. Ke1 Rc6 72. Bc3 Rd6 73.
Bb2 Ra6 74. Bd4 Kg3 75. Bb2 Bd5 76. Ke2 b4 77. Bc1 Rc6 78. Bd2 b3 79. Rc3 b2 0-1

[Event "PokerStars IoM Masters 2014"]
[Site "Douglas ENG"]
[Date "2014.10.05"]
[Round "2.1"]
[White "Raznikov, Danny"]
[Black "Adams, Michael"]
[Result "1/2-1/2"]
[WhiteTitle "IM"]
[BlackTitle "GM"]
[WhiteElo "2492"]
[BlackElo "2758"]
[WhiteFideId "2811154"]
[BlackFideId "400041"]
[EventDate "2014.10.04"]

1. d4 Nf6 2. c4 e6 3. Nc3 d5 4. Nf3 Nbd7 5. Bf4 dxc4 6. e3 Nd5 7. Bxc4 Nxf4 8.
exf4 Nb6 9. Bd3 Bd6 10. g3 Bd7 11. Be4 Nd5 12. O-O Nf6 13. Bxb7 Rb8 14. Ba6 Rxb2
15. Rb1 Rb6 16. Bc4 O-O 17. Ne5 g6 18. Qd3 Qe7 19. Rfe1 Bb4 20. Rbd1 Bxc3 21.
Qxc3 Ba4 22. Rc1 Qb4 23. Qe3 Qd6 24. Qd2 Qb4 25. Qe3 Qd6 26. Qd2 Qb4 1/2-1/2

[Event "PokerStars IoM Masters 2014"]
[Site "Douglas ENG"]
[Date "2014.10.05"]
[Round "2.2"]
[White "Vachier-Lagrave, Maxime"]
[Black "Tarjan, James E"]
[Result "1-0"]
[WhiteTitle "GM"]
[BlackTitle "GM"]
[WhiteElo "2757"]
[BlackElo "2525"]
[WhiteFideId "623539"]
[BlackFideId "2000180"]
[EventDate "2014.10.04"]

1. e4 e5 2. Nf3 Nc6 3. Bb5 a6 4. Ba4 Nf6 5. O-O Be7 6. Re1 b5 7. Bb3 d6 8. c3
O-O 9. h3 Nb8 10. d3 Nbd7 11. Nbd2 Bb7 12. Nf1 Nc5 13. Bc2 Re8 14. Ng3 g6 15. d4
Ncd7 16. Bg5 Bf8 17. Qd2 Bg7 18. d5 Qe7 19. a4 Nb6 20. a5 Nbd7 21. b4 Rec8 22.
Bb3 Qf8 23. c4 bxc4 24. Bxc4 c6 25. dxc6 Rxc6 26. Bb3 d5 27. exd5 Rd6 28. Rad1
Bxd5 29. Ne4 Nxe4 30. Rxe4 Bxb3 31. Qxd6 Bxd1 32. Qxd1 Nf6 33. Rc4 h6 34. Be3
Qe8 35. Bb6 e4 36. Nd2 Qe5 37. Qc2 Re8 38. Rc8 Qa1+ 39. Nf1 Qe5 40. Qc4 Bf8 41.
Qxa6 Bxb4 42. Qa8 Rxc8 43. Qxc8+ Kg7 44. a6 Nd5 45. Bc5 Ne7 46. Bxe7 Qxe7 47.
Qb7 Qxb7 48. axb7 Bd6 49. Nd2 f5 50. Nc4 Bc7 51. Nb6 1-0

[Event "PokerStars IoM Masters 2014"]
[Site "Douglas ENG"]
[Date "2014.10.05"]
[Round "2.3"]
[White "Sargissian, Gabriel"]
[Black "Popilski, Gil"]
[Result "1/2-1/2"]
[WhiteTitle "GM"]
[BlackTitle "GM"]
[WhiteElo "2690"]
[BlackElo "2493"]
[WhiteFideId "13300881"]
[BlackFideId "2809060"]
[EventDate "2014.10.04"]

1. Nf3 c5 2. c4 Nc6 3. Nc3 Nf6 4. g3 d5 5. d4 e6 6. cxd5 exd5 7. Bg2 Be7 8. O-O
O-O 9. Bg5 c4 10. Ne5 Be6 11. Nxc6 bxc6 12. b3 Qa5 13. Qc2 Rfd8 14. e3 Rac8 15.
bxc4 c5 16. Ne2 dxc4 17. d5 Bxd5 18. Rad1 Bxg2 19. Kxg2 Qa6 20. Nc3 Rd3 21. Bxf6
Bxf6 22. Ne4 Rcd8 23. Rc1 c3 24. Nxf6+ Qxf6 25. Qa4 R8d7 26. Qc4 R7d5 27. Rc2 h5
28. h4 g6 29. Kg1 Rd2 30. Rxc3 Qd6 31. Rc2 Rxc2 32. Qxc2 1/2-1/2

[Event "PokerStars IoM Masters 2014"]
[Site "Douglas ENG"]
[Date "2014.10.05"]
[Round "2.4"]
[White "Gormally, Daniel W"]
[Black "Granda Zuniga, Julio E"]
[Result "1-0"]
[WhiteTitle "GM"]
[BlackTitle "GM"]
[WhiteElo "2488"]
[BlackElo "2674"]
[WhiteFideId "406465"]
[BlackFideId "3800024"]
[EventDate "2014.10.04"]

1. d4 d5 2. c4 dxc4 3. Nf3 Nf6 4. Nc3 a6 5. e4 b5 6. e5 Nd5 7. a4 Nxc3 8. bxc3
Bb7 9. e6 f6 10. Be2 Qd5 11. O-O Qxe6 12. Re1 Qf7 13. Nh4 b4 14. Nf5 a5 15. Bf3
Nc6 16. Nh6 1-0

[Event "PokerStars IoM Masters 2014"]
[Site "Douglas ENG"]
[Date "2014.10.05"]
[Round "2.5"]
[White "Tiviakov, Sergei"]
[Black "Smith, Bryan G"]
[Result "1-0"]
[WhiteTitle "GM"]
[BlackTitle "GM"]
[WhiteElo "2668"]
[BlackElo "2482"]
[WhiteFideId "1008013"]
[BlackFideId "2017083"]
[EventDate "2014.10.04"]

1. e4 c5 2. Nf3 d6 3. Bb5+ Nc6 4. O-O Bd7 5. Re1 Nf6 6. c3 a6 7. Ba4 c4 8. Bc2
Ng4 9. b3 b5 10. Qe2 Nce5 11. Nxe5 Nxe5 12. f4 Qb6+ 13. Kh1 Ng4 14. Rf1 g6 15.
bxc4 bxc4 16. Na3 Rc8 17. Nxc4 Rxc4 18. Qxc4 Nf2+ 19. Rxf2 Qxf2 20. Ba3 e6 1-0

[Event "PokerStars IoM Masters 2014"]
[Site "Douglas ENG"]
[Date "2014.10.05"]
[Round "2.7"]
[White "Howell, David W L"]
[Black "Williams, Simon K"]
[Result "1/2-1/2"]
[WhiteTitle "GM"]
[BlackTitle "GM"]
[WhiteElo "2657"]
[BlackElo "2457"]
[WhiteFideId "410608"]
[BlackFideId "404454"]
[EventDate "2014.10.04"]

1. e4 d6 2. d4 Nf6 3. Nc3 g6 4. f4 Bg7 5. Nf3 O-O 6. Be3 b6 7. Qd2 Bb7 8. e5 Ng4
9. O-O-O c5 10. dxc5 bxc5 11. h3 Nxe3 12. Qxe3 Qa5 13. h4 d5 14. Nxd5 Bxd5 15.
Rxd5 Qxa2 16. Qxc5 a5 17. Nd2 Nc6 18. Qxc6 Rfc8 19. Qd7 a4 20. Rh3 e6 21. Rd6
Rcb8 22. Bb5 a3 23. Rxa3 Rxa3 24. bxa3 Bh6 25. g3 Qxa3+ 26. Kb1 Qxg3 27. Nb3
Bxf4 28. Qe7 Qe1+ 29. Ka2 Ra8+ 30. Ba6 Bxe5 31. Rd8+ Rxd8 32. Qxd8+ Kg7 33. Bd3
Qc3 34. Ka3 Bf6 35. Qd7 Bxh4 36. Ka4 Bf6 37. Kb5 h5 38. Nc5 Qe5 39. Bc4 Kf8 40.
Qc8+ Kg7 41. Qb7 Kg8 42. Qa8+ Kg7 43. Qa7 Kg8 44. Qa8+ Kg7 45. Qb7 Kg8 1/2-1/2

[Event "PokerStars IoM Masters 2014"]
[Site "Douglas ENG"]
[Date "2014.10.05"]
[Round "2.8"]
[White "Van Foreest, Jorden"]
[Black "Short, Nigel D"]
[Result "1/2-1/2"]
[WhiteTitle "IM"]
[BlackTitle "GM"]
[WhiteElo "2466"]
[BlackElo "2646"]
[WhiteFideId "1039784"]
[BlackFideId "400025"]
[EventDate "2014.10.04"]

1. e4 e5 2. Nf3 Nc6 3. Bb5 a6 4. Ba4 Nf6 5. O-O Be7 6. Re1 b5 7. Bb3 d6 8. c3
O-O 9. h3 Na5 10. Bc2 c5 11. d4 cxd4 12. cxd4 exd4 13. Nxd4 Re8 14. b3 Bb7 15.
Bb2 Bf8 16. Nd2 g6 17. Qf3 Bg7 18. Rad1 Rc8 19. Bb1 Nc6 20. Nxc6 Bxc6 21. Nf1
Re6 22. Ng3 Nxe4 23. Bxe4 Bxe4 24. Rxe4 Bxb2 25. Rxe6 fxe6 26. Qe2 Be5 27. f4
Bxf4 28. Qxe6+ Kg7 29. Ne4 Rc7 30. Qg4 Rf7 31. Qe2 Be5 32. Qd3 Rf4 33. Qe3 Qe7
34. Re1 Qf7 35. Rd1 Qe7 36. Re1 Qd7 37. Nc5 dxc5 38. Qxe5+ Rf6 39. Qxc5 Re6 40.
Rf1 Qd6 1/2-1/2

[Event "PokerStars IoM Masters 2014"]
[Site "Douglas ENG"]
[Date "2014.10.05"]
[Round "2.9"]
[White "Gupta, Abhijeet"]
[Black "Jedynak, Radoslaw"]
[Result "1-0"]
[WhiteTitle "GM"]
[BlackTitle "GM"]
[WhiteElo "2640"]
[BlackElo "2453"]
[WhiteFideId "5010608"]
[BlackFideId "1109243"]
[EventDate "2014.10.04"]

1. d4 e6 2. c4 Nf6 3. Nf3 Bb4+ 4. Nbd2 b6 5. a3 Bxd2+ 6. Qxd2 Bb7 7. e3 a5 8. b3
d6 9. Bb2 Nbd7 10. Be2 O-O 11. O-O Qe7 12. Qc2 Rfe8 13. Rfd1 e5 14. b4 axb4 15.
axb4 exd4 16. Nxd4 Rxa1 17. Bxa1 Ra8 18. Bf1 Qe4 19. Qxe4 Bxe4 20. Nb5 Ne8 21.
Nc3 Bg6 22. Bb2 f6 23. Be2 Bf7 24. f4 Ra7 25. g4 Nb8 26. h4 h6 27. Kf2 Nc6 28.
b5 Ne7 29. h5 Kf8 30. Ke1 Ra8 31. Ra1 Rxa1+ 32. Bxa1 d5 33. c5 bxc5 34. Na4 c4
35. Bd4 Nd6 36. Nc3 Nb7 37. Bf3 c5 38. bxc6 Nxc6 39. Bb6 Ne7 40. Kd2 Ke8 41. Bd1
Be6 42. Nb5 Bd7 43. Nc7+ Kf7 44. Kc3 Nd6 45. Bf3 Nb5+ 46. Nxb5 Bxb5 47. Bc5 Ba4
48. Ba3 Bb3 49. Kd4 Bc2 50. Kc5 Ke6 51. Bb4 Ba4 52. Kb6 Kf7 53. Kc7 Ke6 54. Bc3
Kf7 55. Kd6 Bc2 56. Bb4 Ba4 57. Be2 Bb3 58. Bf1 Bd1 59. Bh3 f5 60. gxf5 Bxh5 61.
f6 Kxf6 62. Bc3+ Kf7 63. Kd7 g5 64. Be6+ Kf8 65. Bb4 gxf4 66. exf4 c3 67. f5 1-0

[Event "PokerStars IoM Masters 2014"]
[Site "Douglas ENG"]
[Date "2014.10.05"]
[Round "2.10"]
[White "Arkell, Keith C"]
[Black "Fridman, Daniel"]
[Result "1/2-1/2"]
[WhiteTitle "GM"]
[BlackTitle "GM"]
[WhiteElo "2450"]
[BlackElo "2635"]
[WhiteFideId "400270"]
[BlackFideId "11600454"]
[EventDate "2014.10.04"]

1. d4 d5 2. c4 dxc4 3. Nf3 Nf6 4. Nc3 a6 5. a4 Nc6 6. e3 Na5 7. Ne5 Be6 8. e4
Nb3 9. d5 Nxa1 10. dxe6 Qxd1+ 11. Kxd1 O-O-O+ 12. Ke2 Nb3 13. Be3 fxe6 14. Nf7
Rg8 15. Nxd8 Kxd8 16. Kf3 Na5 17. h4 e5 18. g4 e6 19. g5 Nd7 20. Bh3 Ke7 21. Rd1
c6 22. Bf1 g6 23. Na2 Ke8 24. Bd2 Nb3 25. Bxc4 Nd4+ 26. Kg4 Nc5 27. Be3 b5 28.
axb5 axb5 29. Bf1 Ncb3 30. Nc1 Rg7 31. Nxb3 Nxb3 32. Rd3 Na5 33. Rd1 Bb4 34. Ra1
Rb7 35. Be2 Kf7 36. h5 Rd7 37. Bb6 Nb3 38. Ra8 Bc5 39. Bxc5 Nxc5 40. Bf3 gxh5+
41. Kxh5 Kg7 42. Rc8 Nb3 43. Bg4 Nd4 44. Re8 Kf7 45. Rh8 Kg7 46. Re8 Kf7 1/2-1/2

[Event "PokerStars IoM Masters 2014"]
[Site "Douglas ENG"]
[Date "2014.10.05"]
[Round "2.11"]
[White "Marin, Mihail"]
[Black "Steinberg, Nitzan"]
[Result "1/2-1/2"]
[WhiteTitle "GM"]
[BlackTitle "IM"]
[WhiteElo "2583"]
[BlackElo "2435"]
[WhiteFideId "1200020"]
[BlackFideId "2801795"]
[EventDate "2014.10.04"]

1. Nf3 d5 2. g3 Nf6 3. Bg2 c6 4. O-O g6 5. b3 Bg7 6. Bb2 O-O 7. c4 Bg4 8. d4
Nbd7 9. Nc3 dxc4 10. bxc4 Nb6 11. Qd3 Be6 12. Nd2 Ng4 13. h3 Nf6 14. a4 a5 15.
e4 Ne8 16. d5 cxd5 17. cxd5 f5 18. Qe2 Bf7 19. Rfd1 fxe4 20. Ndxe4 Rc8 21. Rac1
Nc4 22. Ba1 Ned6 23. Ng5 Qb6 24. h4 Nf5 25. Rb1 Qa7 26. Nb5 Qb8 27. Nxf7 Bxa1
28. Rxa1 Kxf7 29. d6 Ncxd6 30. Nxd6+ Nxd6 31. Bd5+ Ke8 32. Rab1 Rc7 33. Qa6 Rc5
34. Bxb7 Kf7 35. Re1 Qc7 36. Bg2 Kg7 37. Qe2 Rf7 38. Rb3 e5 39. h5 Nf5 40. Rb7
Qd6 41. Rxf7+ Kxf7 42. Rb1 Nd4 43. Rb7+ Rc7 44. Qc4+ Ne6 45. Rxc7+ Qxc7 46. Qd5
Qc1+ 47. Kh2 Qc5 48. Qd7+ Qe7 49. Qb5 Qc5 50. Qb7+ Qe7 51. Qa8 Qc5 52. Qh8 Ng5
53. hxg6+ 1/2-1/2